New perspectives on Microsoft Publisher 2000 introductory

Guardat en:
Dades bibliogràfiques
Autor principal: Werner, Kathie
Altres autors: Malone, Kelly
Format: Llibre
Idioma:English
Publicat: Boston, MA Course Technology 2002
Col·lecció:New perspectives ser.
Matèries:
Etiquetes: Afegir etiqueta
Sense etiquetes, Sigues el primer a etiquetar aquest registre!
Thư viện lưu trữ: Trung tâm Học liệu Lê Vũ Hùng, Trường Đại học Đồng Tháp
LEADER 00821pam a22002418a 4500
001 00023667
005 20171026081022.0
008 110628s2002 ||||||engsd
020 # # |a 0619019328 
041 0 # |a eng 
082 1 4 |a 686.2  |b N200W 
100 1 # |a Werner, Kathie 
245 1 0 |a New perspectives on Microsoft Publisher 2000  |b introductory  |c Kathie Werner, Kelly Malone 
246 3 0 |a Microsoft Publisher 2000 
260 # # |a Boston, MA  |b Course Technology  |c 2002 
300 # # |a xiv, [khoảng 350] tr. ở các nhóm khác nhau  |b ill.  |c 28 cm. 
490 # # |a New perspectives ser. 
650 # 4 |a Chế bản 
700 1 # |a Malone, Kelly 
852 # # |b Kho đọc  |j KD.0008298 
852 # # |j KD.0008298 
910 0 # |a Ntuyet  |d 28/06/2011 
980 # # |a Trung tâm Học liệu Lê Vũ Hùng, Trường Đại học Đồng Tháp